Kongresový cestovný ruch vo svete a na Slovensku
Kongresový cestovný ruch ako súčasť obchodného cestovného ruchu. Organizovanie kongresov. Kongresová infraštruktúra. Kongresové centrum. Kongresový cestovný ruch vo svete. Najúspešnejšie štáty a mestá v organizovaní kongresov v roku 2017. Kongresový cestovný ruch na Slovensku. Priemerné ukazovatele...
Salvato in:
| Autore principale: | |
|---|---|
| Natura: | Capitolo di libro |
| Lingua: | slovacco |
| Soggetti: | |
| Tags: |
Nessun Tag, puoi essere il primo ad aggiungerne!!
|
MARC
| LEADER | 00000naa a2200000 4500 | ||
|---|---|---|---|
| 001 | 0250918 | ||
| 005 | 20190212130013.2 | ||
| 041 | 0 | |a slo | |
| 044 | |a SK | ||
| 245 | 1 | 0 | |a Kongresový cestovný ruch vo svete a na Slovensku |c Marián Gúčik |
| 520 | |a Kongresový cestovný ruch ako súčasť obchodného cestovného ruchu. Organizovanie kongresov. Kongresová infraštruktúra. Kongresové centrum. Kongresový cestovný ruch vo svete. Najúspešnejšie štáty a mestá v organizovaní kongresov v roku 2017. Kongresový cestovný ruch na Slovensku. Priemerné ukazovatele o kongresovom cestovnom ruchu v SR za roky 2015-2017. Súčasné trendy v organizovaní kongresov. | ||
| 610 | 2 | 0 | |a ruch cestovný kongresový |
| 610 | 2 | 0 | |a kongresy |
| 610 | 2 | 0 | |a konferencie |
| 610 | 2 | 0 | |a hotely |
| 610 | 2 | 0 | |a služby |
| 610 | 2 | 0 | |a kvalita služieb |
| 610 | 2 | 0 | |a digitalizácia |
| 610 | 2 | 0 | |a svet |
| 610 | 2 | 0 | |a Slovensko |
| 100 | 1 | |a Gúčik, Marián | |